International review of administrative sciences <an> international journal of comparative public administration

Na minha lista:
Detalhes bibliográficos
Formato: Periódico
Idioma:inglês
Publicado em: London SAGE Publ. 1997
Assuntos:
Tags: Adicionar Tag
Sem tags, seja o primeiro a adicionar uma tag!

MARC

LEADER 00000nas2a2200000 4500
001 s121668
005 20221221070604.6
022 |a 0020-8523 
041 0 |a eng 
044 |a GB 
245 1 0 |a International review of administrative sciences  |b <an> international journal of comparative public administration 
264 1 |a London  |b SAGE Publ.  |c 1997 
300 |a 1 zv. 
773 0 |w eu_un_cat*s120091 
610 2 0 |a administratíva 
610 2 0 |a správa štátna 
610 2 0 |a správa verejná